| 000 | 01264cam a2200205 4500 | ||
|---|---|---|---|
| 001 | ABS63308 | ||
| 008 | 000000n2000 000 0 eng u | ||
| 035 | _a(Sirsi) u110258 | ||
| 100 | _aRice, P | ||
| 245 | _aLandfill consultation: industry must take part | ||
| 260 | _c2000 | ||
| 490 |
_aWastes Management _v December 2000, 17(1) |
||
| 520 | _aDiscusses the DETR consultation paper on the implementation of Landfill Directive. It emphasises that the industry must take part in the consultation as, while the paper only relates to England and Wales, it is likely to shape the implementation of legislation throughout the UK and it is easier and cheaper than judicial review proceedings. Looks at the objectives of the Landfill Directive which is to prevent, or at least reduce, the effects of landfilling on both health and environment, falling in line with government policy towards the environment and reduction of greenhouse gases. It continues with a look at the implementation process and procedural changes, before finishing with any exemptions. | ||
| 590 | _aABS | ||
| 650 | _aDIRECTIVE 99/31/EC | ||
| 650 | _aLANDFILL SITES | ||
| 650 | _aCONSULTATION PAPER | ||
| 690 | _aENVIRONMENTAL AND LAND CONSULTANCY-ENVIRONMENTAL MANAGEMENT | ||
| 942 | _n0 | ||
| 999 |
_c65748 _d65748 |
||